| 000 | 00820nam a2200301 a 4500 | ||
|---|---|---|---|
| 999 |
_c8169 _d8169 |
||
| 001 | 8169 | ||
| 003 | BD - JhCC | ||
| 005 | 20190219134007.0 | ||
| 008 | 881003s1987 enk 000 0 eng d | ||
| 020 | _a0330299425 | ||
| 035 | _a(BD-JhCC)8169 | ||
| 040 |
_aBD-JhCC _dBD-JhCC |
||
| 041 | _aeng | ||
| 082 |
_bNEL 1987 _a530 |
||
| 100 | 1 | _aNelkon, Michael | |
| 245 | 1 | 0 |
_aNuffield Physics guide to experiments 4 / _cM. Nelkon and M.V. Detheridge |
| 260 |
_aPan Books : _bLondon, _c1987 |
||
| 300 |
_a318 p. : _bill. ; _c25 cm |
||
| 490 | 1 | _aPan study aids | |
| 500 | _aCover title: GCSE physics | ||
| 500 | _aA Pan original | ||
| 650 | 0 |
_aPhysics _xExaminations, questions, etc. |
|
| 700 | 1 | _aDetheridge, M. V. | |
| 740 | 0 | _aGCSE physics | |
| 830 | 0 | _aPan study aids | |
| 942 |
_2ddc _cBK _01 |
||